000 00923nmm a2200253 a 4500
001 ocm000701310
003 TR-IsHL
005 20201028135126.0
008 131203s1972 tu tur
007 cr cn
035 _a701310
_b(N$T)
050 0 4 _aKKX3276
_b.T85 1972
090 0 4 _aKKX3276
_b.T85 1972
245 1 0 _aTüketici sorunları ve pazarlama sisteminde karşılaşılan sorunlar
_h[electronic resource] /
_chaz. Yıldırım Kılkış
260 _aİstanbul :
_bİstanbul Ticaret Odası,
_c1972
300 _a32 p.
650 4 _aEkonomi ve Finans
650 4 _aEconomics and Finance
650 0 _aTüketicinin korunması
_x Yasa ve yasama
_x Türkiye
650 0 _aConsumer protection
_x Law and legislation
_x Turkey
650 7 _aLAW / Consumer
_2bisacsh
700 1 _aKılkış, Yıldırım
856 4 0 _uhttp://search.ebscohost.com/login.aspx?direct=true&scope=site&db=e011xww&AN=701310
999 _c6572
_d6572